Get the Picture: Kosher for Passover Quiz Stats

 Plays Quiz Updated Apr 27, 2019

Score 0/12 Timer 02:00
0 Plays Today
Question Answer Wrong Answers
Matzo Kosher
91.1%
Not
5.5%
Pizza Not
87.9%
Kosher
8.7%
Potato Kosher
84.4%
Not
12.1%
Tomato Kosher
81.4%
Not
15.4%
Beer Not
78.7%
Kosher
18%
Wine Kosher
77.4%
Not
19.4%
Quiche Not
76.6%
Kosher
20.4%
Whisky Not
69.9%
Kosher
27.1%
Turkey Kosher
68.9%
Not
28.5%
Egg Kosher
66%
Not
31.2%
Oatmeal Not
49.5%
Kosher
47.2%
Bagel Not
48.8%
Kosher
48.2%

Today's Daily Dose

You're not logged in!

Compare scores with friends on all Sporcle quizzes.
OR
Log In

Sporcle TV

Today on Sporcle TV


Watch our educational content, quiz creation guides, and fun videos on Sporcle TV.

Show Comments

Extras

Top Quizzes Today


Score Distribution

Your Account Isn't Verified!

In order to create a playlist on Sporcle, you need to verify the email address you used during registration. Go to your Sporcle Settings to finish the process.

Report this User

Report this user for behavior that violates our Community Guidelines.

Details: